000 00752nam a2200289Ia 4500
005 20260324140200.0
008 008 260324s9999 xx 000 0 eng d
020 _a9781315243061
037 _aEBOOK
040 _aCRL
040 _beng
040 _cCRL
041 _2eng
041 _aeng
084 _qCRL
100 _aFrancis Ames-Lewis
_91203442
245 0 _aSir Thomas Gresham and Gresham College
245 0 _bStudies in the Intellectual History of London in the Sixteenth and Seventeenth Centuries
260 _bTaylor and Francis
260 _c1999
365 _a
365 _b59.99
856 _uhttp://www.taylorfrancis.com/books/9781315243061
942 _cEBOOK
999 _c1805228
_d1805228